书目信息 |
| 题名: |
新编大学物理实验
|
|
| 作者: | 徐志洁 , 李倩 , 冯志勇 主编 | |
| 分册: | ||
| 出版信息: | 哈尔滨 哈尔滨工程大学出版社 2018 |
|
| 页数: | 2册 (228, 页) | |
| 开本: | 26cm | |
| 丛书名: | 大学实验系列 | |
| 单 册: | ||
| 中图分类: | O4-33 | |
| 科图分类: | ||
| 主题词: | 物理学--wu li xue--实验--高等学校--教材 | |
| 电子资源: | ||
| ISBN: | 978-7-5661-1970-4 | |
| 000 | 00898nam 2200289 450 | |
| 001 | 012001001338 | |
| 005 | 20131107193317.0 | |
| 010 | @a978-7-5661-1970-4@b第一册@dCNY36.00 | |
| 099 | @aCAL 012018131114 | |
| 100 | @a20181022d2018 em y0chiy50 ea | |
| 101 | 0 | @achi |
| 102 | @aCN@b230000 | |
| 105 | @aak a 000yy | |
| 106 | @ar | |
| 200 | 1 | @a新编大学物理实验@Axin bian da xue wu li shi yan@f主编徐志洁, 李倩, 冯志勇 |
| 210 | @a哈尔滨@c哈尔滨工程大学出版社@d2018 | |
| 215 | @a2册 (228, 页)@c图@d26cm | |
| 225 | 2 | @a大学实验系列@Ada xue shi yan xi lie |
| 320 | @a有书目 (第228页) | |
| 410 | 0 | @12001 @a大学实验系列 |
| 606 | 0 | @a物理学@Awu li xue@x实验@x高等学校@j教材 |
| 690 | @aO4-33@v5 | |
| 701 | 0 | @a徐志洁@Axu zhi jie@4主编 |
| 701 | 0 | @a李倩@Ali qian@4主编 |
| 701 | 0 | @a冯志勇@Afeng zhi yong@4主编 |
| 801 | 0 | @aCN@b北京卓展@c20191020 |
| 905 | @b1198053-6@dO4-33@e1022@f4 | |
| 新编大学物理实验/主编徐志洁, 李倩, 冯志勇.-哈尔滨:哈尔滨工程大学出版社,2018 |
| 2册 (228, 页):图;26cm.-(大学实验系列) |
| ISBN 978-7-5661-1970-4(第一册):CNY36.00 |
| ● |
| 相关链接 |
|
|
|
|
正题名:新编大学物理实验
索取号:O4-33/1022
 
预约/预借
| 序号 | 登录号 | 条形码 | 馆藏地/架位号 | 状态 | 备注 |
| 1 | 1198053 | 211980533 | 第二样本阅览室/ [索取号:O4-33/1022] | 在馆 | |
| 2 | 1198054 | 211980542 | 第三借阅区/ [索取号:O4-33/1022] | 在馆 | |
| 3 | 1198055 | 211980551 | 第三借阅区/ [索取号:O4-33/1022] | 在馆 | |
| 4 | 1198056 | 211980560 | 第三借阅区/ [索取号:O4-33/1022] | 在馆 |